Estadísticas para Geografía de España en un Mapa

Haz click aquí para intentar la prueba.

Estadísticas generales

  • Esta prueba ha sido intentada 3.297 veces
  • La puntuación promedio es 17 de 20

Respuestas en el mapa

Las respuestas están codificadas por una escala verde-roja en el mapa de la prueba según el % correcto abajo.
 

Estadísticas de respuestas

CategoríaRespuesta% Correcto
CiudadMadrid
98%
CiudadBarcelona
97%
Comunidad AutónomaAndalucía
96%
Comunidad AutónomaCataluña
96%
Comunidad AutónomaGalicia
96%
CiudadPalma de Mallorca
94%
CiudadMurcia
93%
Montaña/Cordillera/PicoPirineos
91%
Comunidad AutónomaCantabria
90%
Comunidad AutónomaLa Rioja
90%
CiudadBilbao
88%
RíoEbro
88%
IslaMenorca
87%
Montaña/Cordillera/PicoTeide
86%
CiudadCórdoba
84%
RíoTajo
84%
IslaGran Canaria
79%
RíoDuero
70%
Montaña/Cordillera/PicoMulhacén
58%
Montaña/Cordillera/PicoAneto
50%

Distribución de puntuación

Porcentaje por número respondido

Porcentaje de gente con cada puntuación

Historial de tus puntuaciones

No has intentado esta prueba.